000 00766nam a22002177a 4500
999 _c17886
_d17886
003 AR-CdUCM
008 190322b ||||| |||| 00| 0 spa d
020 _a968-16-1879-3
040 _aMUNICIPALIDAD PROVINCIAL DEL CUSCO
_cBIBLIOTECA MUNICIPAL DEL CUSCO
082 _a510.09 /
_bB71
100 _aBoll, Marcel
_938101
245 _aHistoria de las matemáticas /
260 _aMéxico :
_bDiana,
_c1966.
300 _a133 páginas ;
_c19 cm.
505 _aContenido : Nuestros diez dedos y le cero -- Se choca contra lo imposible, pero se pasa de largo -- Lo que se hizo una vez, puede siempre volver a hacerse ...
650 _aHistoria
_9246
650 _aMatemática
_919387
650 _aCiencia
_92098
942 _2ddc
_cLIBROS
945 _arah
_d10/05/2019